Cleaner coal in China

Salvato in:
Dettagli Bibliografici
Ente Autore: OECD. International Energy Agency
Natura: Libro
Lingua:inglese
Pubblicazione: Paris OECD 2009
Soggetti:
Tags: Aggiungi Tag
Nessun Tag, puoi essere il primo ad aggiungerne!!

MARC

LEADER 00000nam$a2200000$$$4500
001 0111394
005 20240315120435.6
020 |a 978-92-64-04814-0 
041 0 |a eng 
044 |a FR 
245 1 0 |a Cleaner coal in China 
264 1 |a Paris  |b OECD  |c 2009 
300 |a 320 s. 
610 2 0 |a uhlie 
610 2 0 |a zdroje energetické 
610 2 0 |a zdroje energie 
610 2 0 |a technológia 
610 2 0 |a technológie nové 
610 2 0 |a ochrana prostredia životného 
610 2 0 |a trh energetický 
610 2 0 |a priemysel palivovo-energetický 
610 2 0 |a doprava 
610 2 0 |a porovnanie medzinárodné 
610 2 0 |a spolupráca medzinárodná 
610 2 0 |a Čína 
710 2 |a OECD. International Energy Agency